|
|
|
|
| LEADER |
00000nkm a2200000 a 4500 |
| 001 |
vtls010676566 |
| 003 |
SK-MaSNL |
| 005 |
20260512123918.0 |
| 007 |
kp co |
| 008 |
231206s1993 xo g kzslo |
| 035 |
|
|
|a 75996A72-B070-49B8-8823-C5261B2D3DDB
|
| 035 |
|
|
|a urn:nbn:sk:snk-kmxxhb
|
| 035 |
|
|
|a urn:nbn:sk:snk-km004b99
|
| 040 |
|
|
|a SNK
|b slo
|c SNK
|e AACR2
|
| 041 |
0 |
|
|a slo
|
| 044 |
|
|
|a xo
|c SK
|
| 080 |
|
|
|a (234.372.4)
|2 2001
|
| 080 |
|
|
|a (084.121)
|2 2001
|
| 100 |
1 |
|
|a Lorenc, František
|4 aut
|4 pht
|9 283250
|
| 245 |
1 |
0 |
|a Nízke Tatry
|h grafika
|b Nízke Tatry : Čertovica (1250 m) : Chata na Čertovici (1250 m) : panoráma Vysokých Tatier z Čertovice : pohľad od Športhotela na Vyšnú Bocu (950 m)
|c foto: František Lorenc, Zdeno Zibrin, Elena Lorencová
|
| 260 |
|
|
|a Bratislava
|b Pravda
|c [1993]
|
| 300 |
|
|
|a 1 pohľadnica
|b farebná
|c 11 x 15 cm
|
| 520 |
8 |
|
|a Zobrazenie: 4 čiastkové pohľady
|
| 651 |
|
7 |
|a Nízke Tatry (Slovensko : pohorie)
|2 SNKPH
|9 173011
|
| 655 |
|
7 |
|a geografické pohľadnice
|2 SNKPH
|9 70522
|
| 655 |
|
7 |
|a miestne pohľadnice
|2 SNKPH
|9 70510
|
| 700 |
1 |
|
|a Zibrin, Zdeno
|c (fotograf)
|4 pht
|9 283305
|
| 700 |
1 |
|
|a Lorencová, Elena
|4 pht
|9 296518
|
| 852 |
|
|
|a Slovenská národná knižnica
|
| 958 |
|
|
|a GC
|
| 958 |
|
|
|a GBN
|
| 958 |
|
|
|a OND
|
| 999 |
|
|
|c 842378
|d 844308
|
| 952 |
|
|
|a SNK
|b SNK
|y PREZ
|7 0
|p 17A1123029
|o snkSP 153302
|i snk2015/14336
|8 3
|g 0.50
|0 0
|1 0
|4 0
|d 2015-04-30
|f 1
|l 0
|r 2026-02-24 04:15:49
|w 2026-02-24
|